|
|
|
|
| LEADER |
00000nam2a2200000 4500 |
| 001 |
181355 |
| 005 |
20231101223619.0 |
| 035 |
|
|
|a (RuTPU)RU\TPU\book\196592
|
| 090 |
|
|
|a 181355
|
| 100 |
|
|
|a 20100607d2009 k y0rusy50 ca
|
| 101 |
0 |
|
|a rus
|
| 102 |
|
|
|a RU
|
| 105 |
|
|
|a y a 000zy
|
| 200 |
0 |
|
|a Ч. 1 (1-2551)
|
| 210 |
|
|
|d 2009
|
| 215 |
|
|
|a 440 с.
|
| 320 |
|
|
|a Указатели: с. 322-407
|
| 461 |
|
1 |
|0 (RuTPU)RU\TPU\book\197077
|t Библиография российской библиографии. 2009
|o государственный библиографический указатель Российской Федерации: в 4 ч.
|f Российская книжная палата
|v Ч. 1 (1-2551)
|d 2009-
|
| 606 |
1 |
|
|a Библиография российской библиографии
|2 stltpush
|3 (RuTPU)RU\TPU\subj\68827
|9 83949
|
| 610 |
1 |
|
|a библиографические пособия
|
| 610 |
1 |
|
|a государственная библиография
|
| 610 |
1 |
|
|a Россия
|
| 686 |
|
|
|a Я10
|2 rubbk
|
| 801 |
|
1 |
|a RU
|b 63413507
|c 20100607
|
| 801 |
|
2 |
|a RU
|b 63413507
|c 20120720
|g RCR
|
| 942 |
|
|
|c BK
|